000 00709nam a2200241Ia 4500
003 OSt
005 20220918225357.0
006 a|||||r|||| 00| 0
007 ta
008 220917b |||||||| |||| 00| 0 eng d
024 _a240,365
037 _cTextual
040 _aARTS
_cARTS
_beng
041 _2eng
_aeng
082 _aXp1,N83, M6
100 _aWagener H.J Ed.
_9150287
245 0 _aEconomics law of motion of modern society
_b marx -keynes-schumpeter centennial
260 _aLondonn
_bCambridge University Press
_c1986
650 _aECONOMICS
700 _a Drukker J W
_9150288
942 _hXp1,N83, M6
_cTEXL
_2CC
999 _c284454
_d284454